China's Long-Term Low-Carbon Development Strategies and Pathways (Record no. 9980)

MARC details
000 -LEADER
fixed length control field 00856nam a2200121Ia 4500
008 - FIXED-LENGTH DATA ELEMENTS--GENERAL INFORMATION
fixed length control field 220615s9999||||xx |||||||||||||| ||und||
100 ## - MAIN ENTRY--PERSONAL NAME
Personal name Institute of Climate Change and Sustainable Development of Tsinghua University,
245 #0 - TITLE STATEMENT
Title China's Long-Term Low-Carbon Development Strategies and Pathways
Remainder of title Comprehensive Report
546 ## - LANGUAGE NOTE
Language note English[eng]
650 ## - SUBJECT ADDED ENTRY--TOPICAL TERM
Topical term or geographic name entry element Low-Carbon Transformation of end-use Sectors||Power System Transition||Primary Energy Demand Carbon Emissions||Non-CO2 Greenhouse Gas Emissions||Investment and Cost||Global Climate Governance and International Cooperation||Paris Agreement||Economic Recovery Through Green and Low-Carbon Development||Open Access
856 ## - ELECTRONIC LOCATION AND ACCESS
Uniform Resource Identifier <a href="https://library.oapen.org/bitstream/20.500.12657/51923/1/978-981-16-2524-4.pdf||https://library.oapen.org/bitstream/20.500.12657/51923/1/978-981-16-2524-4.pdf">https://library.oapen.org/bitstream/20.500.12657/51923/1/978-981-16-2524-4.pdf||https://library.oapen.org/bitstream/20.500.12657/51923/1/978-981-16-2524-4.pdf</a>
942 ## - ADDED ENTRY ELEMENTS (KOHA)
Koha item type E-Books
Holdings
Withdrawn status Lost status Damaged status Not for loan Home library Current library Date acquired Total Checkouts Date last seen Price effective from Koha item type
        Kerala University of Digital Sciences, Innovation and Technology Knowledge Centre Kerala University of Digital Sciences, Innovation and Technology Knowledge Centre 15/06/2022   15/06/2022 15/06/2022 E-Books